Asean free trade agreement : implications & future directions

Bibliographic Details
Other Authors: Hourn, Kao Kim (Editor), Kanler, Sarah (Editor)
Format: Book
Language:English
Published: London : ASEAN Academic Press Ltd 1998
Subjects:

MARC

LEADER 00000cam a2200000 7i4500
001 0000010383
005 20240919.0
008 030513 enk eng
020 |a 1901919021 
040 |a INS   |b eng   |e rda 
090 0 0 |a HF1591   |b A816 1998 
245 0 0 |a Asean free trade agreement :   |b implications & future directions   |c edited by Kao Kim Hourn, Sarah Kanler 
264 1 |a London :   |b ASEAN Academic Press Ltd   |c 1998 
300 |a 110 pages ;   |c 22 cm. 
336 |a text  |2 rdacontent 
337 |a unmediated  |2 rdamedia 
338 |a volume  |2 rdacarrier 
650 0 |a Free trade;Cambodia;Congresses;20th century;Economics conditions 
700 1 |a Hourn, Kao Kim ,   |e editor 
700 1 |a Kanler, Sarah ,   |e editor 
999 |a 0000008792   |b BOOK   |c Open Shelf   |e Default branch